[Event "FIDE Open Sachove Univerzity QCC"]
[Site "Ceske Budejovice"]
[Date "2020.07.05"]
[Round "5.7"]
[White "Berkovec, Jakub"]
[Black "Klimes, Roman"]
[Result "1/2-1/2"]
[WhiteElo "1224"]
[BlackElo "1349"]
[Annotator "NA"]
[PlyCount "53"]
[EventDate "2020.07.01"]
[EventType "swiss"]
[EventCountry "CZE"]
[SourceTitle "playchess.com"]
[Source "ChessBase"]
[SourceQuality "1"]
[TimeControl "40/5400+30:1800+30"]

1. e4 {[%emt 0:00:00]} e5 {[%emt 0:00:00]} 2. Nf3 {[%emt 0:00:29]} Nc6 {[%emt 0:00:00]} 3. d4 {[%emt 0:01:16]} exd4 {[%emt 0:02:57]} 4. Nxd4 {[%emt 0:01:16]} Nxd4 {[%emt 0:01:38]} 5. Qxd4 {[%emt 0:01:42]} d6 {[%emt 0:04:00]} 6. Nc3 {[%emt 0:03:18]} Nf6 {[%emt 0:03:42]} 7. Bc4 {[%emt 0:04:12]} Be7 {[%emt 0:03:02]} 8. Bg5 {[%emt 0:03:28]} O-O {[%emt 0:00:57]} 9. O-O-O {[%emt 0:02:30]} Bd7 {[%emt 0:01:29]} 10. Kb1 {[%emt 0:02:39]} c5 {[%emt 0:01:32]} 11. Qd2 {[%emt 0:04:32]} a6 {[%emt 0:01:05]} 12. Bxf6 {[%emt 0:03:08]} Bxf6 {[%emt 0:00:29]} 13. Nd5 {[%emt 0:01:42]} Bc6 {[%emt 0:09:34]} 14. Rhe1 {[%emt 0:03:51]} Re8 {[%emt 0:04:43]} 15. f3 {[%emt 0:03:01]} Bxd5 {[%emt 0:02:05]} 16. Bxd5 {[%emt 0:02:02]} Qb6 {[%emt 0:00:31]} 17. c3 {[%emt 0:01:50]} Qc7 {[%emt 0:05:24]} 18. c4 {[%emt 0:06:02]} Rab8 {[%emt 0:00:57]} 19. b3 {[%emt 0:02:16]} b5 {[%emt 0:01:23]} 20. Kc2 {[%emt 0:03:46]} bxc4 {[%emt 0:01:57]} 21. Bxc4 {[%emt 0:01:01]} Red8 {[%emt 0:01:59]} 22. Bd5 {[%emt 0:02:26]} a5 {[%emt 0:00:57]} 23. a4 {[%emt 0:03:21]} Rb4 {[%emt 0:07:45]} 24. Bc4 {[%emt 0:02:38]} Qb6 {[%emt 0:06:18]} 25. Rb1 {[%emt 0:02:26]} g6 {[%emt 0:11:18]} 26. Red1 {[%emt 0:02:16]} Bg7 {[%emt 0:01:10]} 27. Qd5 1/2-1/2

[Event "FIDE Open Sachove Univerzity QCC"]
[Site "Ceske Budejovice"]
[Date "2020.07.09"]
[Round "5.8"]
[White "Matlocha, Lubomir"]
[Black "Svadlenka, Michal"]
[Result "1/2-1/2"]
[WhiteElo "1646"]
[BlackElo "1395"]
[Annotator "NA RC"]
[PlyCount "58"]
[EventDate "2020.07.01"]
[EventType "swiss"]
[EventCountry "CZE"]
[TimeControl "40/5400+30:1800+30"]

1. d4 {[%emt 0:00:00]} d5 {[%emt 0:00:00]} 2. g3 {[%emt 0:00:49]} Bf5 {[%emt 0:02:14]} 3. Bg2 {[%emt 0:00:23]} e6 {[%emt 0:02:03]} 4. Nf3 {[%emt 0:00:37]} Nf6 {[%emt 0:02:21]} 5. c3 {[%emt 0:02:39]} c5 {[%emt 0:05:52]} 6. O-O {[%emt 0:06:59]} Nc6 {[%emt 0:01:54]} 7. Qa4 {[%emt 0:00:47]} a6 {[%emt 0:08:16]} 8. Ne5 {[%emt 0:08:19]} b5 {[%emt 0:04:22]} 9. Nxc6 {[%emt 0:05:41]} Qc7 {[%emt 0:01:41]} 10. Qd1 {[%emt 0:00:38]} Qxc6 {[%emt 0:00:19]} 11. e3 {[%emt 0:05:52]} c4 {[%emt 0:03:28]} 12. Re1 {[%emt 0:03:25]} Bd3 {[%emt 0:02:22]} 13. f3 {[%emt 0:00:53]} Bd6 {[%emt 0:05:36]} 14. Nd2 {[%emt 0:00:17]} O-O {[%emt 0:05:01]} 15. e4 {[%emt 0:05:12]} Bc7 {[%emt 0:01:03]} 16. e5 {[%emt 0:07:47]} Nd7 {[%emt 0:00:47]} 17. f4 {[%emt 0:04:32]} f6 {[%emt 0:07:16]} 18. Nf3 {[%emt 0:09:52]} fxe5 {[%emt 0:06:35]} 19. dxe5 {[%emt 0:01:48]} Bb6+ {[%emt 0:04:02]} 20. Be3 {[%emt 0:00:19]} Be4 {[%emt 0:03:46]} 21. Nd4 {[%emt 0:17:32]} Bxd4 {[%emt 0:02:56]} 22. Bxd4 {[%emt 0:03:16]} Bd3 {[%emt 0:03:57]} 23. Qg4 {[%emt 0:02:08]} Bf5 {[%emt 0:03:20]} 24. Qe2 {[%emt 0:00:11]} Nc5 {[%emt 0:01:27]} 25. Bxc5 {[%emt 0:01:49]} Qxc5+ {[%emt 0:00:17]} 26. Qe3 {[%emt 0:00:29]} Qxe3+ {[%emt 0:02:16]} 27. Rxe3 {[%emt 0:00:30]} Rad8 {[%emt 0:02:24]} 28. Rd1 {[%emt 0:00:00]} Bd3 {[%emt 0:03:45]} 29. Bf1 {[%emt 0:02:59]} Bf5 {[%emt 0:01:09]} 1/2-1/2

[Event "FIDE Open Sachove Univerzity QCC"]
[Site "Ceske Budejovice"]
[Date "2020.07.09"]
[Round "5.9"]
[White "Molnar, Ladislav"]
[Black "Dobsa, Emma"]
[Result "1-0"]
[WhiteElo "1712"]
[BlackElo "1345"]
[Annotator "NA RC"]
[PlyCount "62"]
[EventDate "2020.07.01"]
[EventType "swiss"]
[EventCountry "CZE"]
[TimeControl "40/5400+30:1800+30"]

1. e4 {[%emt 0:00:00]} e5 {[%emt 0:00:00]} 2. Bc4 {[%emt 0:00:00]} Nf6 {[%emt 0:00:00]} 3. d3 {[%emt 0:00:00]} Nc6 {[%emt 0:00:03]} 4. Nf3 {[%emt 0:01:02]} Bc5 {[%emt 0:01:20]} 5. O-O {[%emt 0:01:35]} d6 {[%emt 0:01:15]} 6. c3 {[%emt 0:00:22]} a6 {[%emt 0:01:15]} 7. b4 {[%emt 0:01:49]} Ba7 {[%emt 0:01:53]} 8. a4 {[%emt 0:03:14]} O-O {[%emt 0:05:36]} 9. Bg5 {[%emt 0:03:49]} h6 {[%emt 0:04:27]} 10. Bh4 {[%emt 0:03:35]} Bd7 {[%emt 0:06:23]} 11. Nbd2 {[%emt 0:01:09]} Re8 {[%emt 0:07:43]} 12. h3 {[%emt 0:02:12]} Qe7 {[%emt 0:03:05]} 13. Nh2 {[%emt 0:06:53]} Nd8 {[%emt 0:02:25]} 14. Kh1 {[%emt 0:11:37]} b5 {[%emt 0:03:01]} 15. axb5 {[%emt 0:03:10]} axb5 {[%emt 0:03:44]} 16. Bb3 {[%emt 0:01:14]} h5 {[%emt 0:00:55]} 17. Bxf6 {[%emt 0:09:51]} Qxf6 {[%emt 0:01:51]} 18. Qxh5 {[%emt 0:00:29]} Ne6 {[%emt 0:00:57]} 19. g3 {[%emt 0:12:00]} Bb6 {[%emt 0:03:24]} 20. Rxa8 {[%emt 0:04:06]} Rxa8 {[%emt 0:00:56]} 21. h4 {[%emt 0:03:12]} Ra3 {[%emt 0:02:11]} 22. Ng4 {[%emt 0:03:38]} Qe7 {[%emt 0:01:31]} 23. Ne3 {[%emt 0:00:28]} c5 {[%emt 0:02:42]} 24. Nd5 {[%emt 0:06:45]} Qd8 {[%emt 0:01:03]} 25. f4 {[%emt 0:02:53]} cxb4 {[%emt 0:02:46]} 26. fxe5 {[%emt 0:03:16]} g6 {[%emt 0:01:56]} 27. Qf3 {[%emt 0:01:34]} bxc3 {[%emt 0:01:50]} 28. Qxf7+ {[%emt 0:01:36]} Kh8 {[%emt 0:01:03]} 29. Nf6 {[%emt 0:01:56]} Ng7 {[%emt 0:05:52]} 30. Qxg6 {[%emt 0:01:10]} Qxf6 {[%emt 0:04:12]} 31. Qxf6 {[%emt 0:00:29]} cxd2 {[%emt 0:00:08]} 1-0

[Event "FIDE Open Sachove Univerzity QCC"]
[Site "Ceske Budejovice"]
[Date "2020.07.09"]
[Round "5.10"]
[White "Strapec, Lukas"]
[Black "Hlavsa, Filip"]
[Result "0-1"]
[WhiteElo "1525"]
[BlackElo "1886"]
[Annotator "NA"]
[PlyCount "90"]
[EventDate "2020.07.01"]
[EventType "swiss"]
[EventCountry "CZE"]
[TimeControl "40/5400+30:1800+30"]

1. b3 {[%emt 0:00:00]} d5 {[%emt 0:03:39]} 2. Bb2 {[%emt 0:01:01]} c5 {[%emt 0:00:41]} 3. e3 {[%emt 0:01:17]} a6 {[%emt 0:01:15]} 4. Nf3 {[%emt 0:02:10]} Nc6 {[%emt 0:00:22]} 5. c4 {[%emt 0:03:43]} d4 {[%emt 0:01:34]} 6. exd4 {[%emt 0:05:14]} cxd4 {[%emt 0:00:09]} 7. d3 {[%emt 0:02:36]} e5 {[%emt 0:00:59]} 8. Nbd2 {[%emt 0:06:45]} Bg4 {[%emt 0:00:35]} 9. Be2 {[%emt 0:02:03]} f5 {[%emt 0:02:03]} 10. h3 {[%emt 0:09:53]} Bxf3 {[%emt 0:01:38]} 11. Nxf3 {[%emt 0:10:51]} Nf6 {[%emt 0:00:17]} 12. O-O {[%emt 0:03:09]} Bc5 {[%emt 0:03:07]} 13. Re1 {[%emt 0:09:31]} O-O {[%emt 0:00:24]} 14. a3 {[%emt 0:11:49]} a5 {[%emt 0:00:21]} 15. Bc1 {[%emt 0:10:35]} Qd6 {[%emt 0:00:08]} 16. Qc2 {[%emt 0:05:57]} Rae8 {[%emt 0:00:54]} 17. g3 {[%emt 0:07:28]} h6 {[%emt 0:03:09]} 18. Nh2 {[%emt 0:02:24]} Kh8 {[%emt 0:01:01]} 19. Bf3 {[%emt 0:00:30]} Nd8 {[%emt 0:01:50]} 20. Nf1 {[%emt 0:00:47]} Re7 {[%emt 0:00:48]} 21. Nd2 {[%emt 0:00:32]} Rfe8 {[%emt 0:00:31]} 22. Bb2 {[%emt 0:00:33]} Nf7 {[%emt 0:02:31]} 23. h4 {[%emt 0:00:29]} g5 {[%emt 0:02:04]} 24. hxg5 {[%emt 0:01:01]} hxg5 {[%emt 0:00:12]} 25. a4 {[%emt 0:00:23]} g4 {[%emt 0:03:07]} 26. Bg2 {[%emt 0:00:09]} Ng5 {[%emt 0:00:23]} 27. Rad1 {[%emt 0:00:56]} Nh3+ {[%emt 0:03:43]} 28. Kf1 {[%emt 0:00:43]} Bb4 {[%emt 0:00:40]} 29. Re2 {[%emt 0:00:35]} Rh7 {[%emt 0:02:07]} 30. Rde1 {[%emt 0:00:40]} Kg7 {[%emt 0:01:15]} 31. Bxb7 {[%emt 0:00:36]} Nd7 {[%emt 0:01:45]} 32. Bd5 {[%emt 0:00:32]} Bc5 {[%emt 0:03:32]} 33. Bg2 {[%emt 0:00:36]} Reh8 {[%emt 0:00:45]} 34. Bc1 {[%emt 0:00:30]} Bb4 {[%emt 0:02:18]} 35. Qb2 {[%emt 0:00:28]} Ng5 {[%emt 0:01:34]} 36. Qc2 {[%emt 0:00:39]} Qh6 {[%emt 0:01:59]} 37. Rxe5 {[%emt 0:00:33]} Nxe5 {[%emt 0:01:17]} 38. Rxe5 {[%emt 0:00:12]} Qf6 {[%emt 0:01:33]} 39. Rb5 {[%emt 0:00:19]} Rh2 {[%emt 0:06:54]} 40. Rb7+ {[%emt 0:00:16]} Nf7 {[%emt 0:00:24]} 41. Bd5 {[%emt 0:31:32]} Be7 {[%emt 0:35:34]} 42. c5 {[%emt 0:00:00]} Qe5 {[%emt 0:00:00]} 43. Rd7 {[%emt 0:00:00]} Rh1+ {[%emt 0:00:00]} 44. Bxh1 {[%emt 0:00:00]} Rxh1+ {[%emt 0:00:00]} 45. Kg2 {[%emt 0:00:00]} Qe1 {[%emt 0:00:00]} 0-1

[Event "FIDE Open Sachove Univerzity QCC"]
[Site "Ceske Budejovice"]
[Date "2020.07.09"]
[Round "5.11"]
[White "Kamleiter, Noah"]
[Black "Huemer, Gerald"]
[Result "1-0"]
[WhiteElo "1463"]
[BlackElo "1721"]
[Annotator "NA"]
[PlyCount "59"]
[EventDate "2020.07.01"]
[EventType "swiss"]
[EventCountry "CZE"]
[TimeControl "40/5400+30:1800+30"]

1. e4 {[%emt 0:00:00]} c5 {[%emt 0:00:00]} 2. Nf3 {[%emt 0:00:02]} d6 {[%emt 0:00:00]} 3. Bb5+ {[%emt 0:01:21]} Nd7 {[%emt 0:00:00]} 4. O-O {[%emt 0:00:55]} Qc7 {[%emt 0:00:10]} 5. c3 {[%emt 0:03:22]} a6 {[%emt 0:00:14]} 6. Bc4 {[%emt 0:02:07]} b5 {[%emt 0:00:18]} 7. Bd5 {[%emt 0:00:05]} Rb8 {[%emt 0:00:19]} 8. Bb3 {[%emt 0:08:15]} c4 {[%emt 0:00:24]} 9. Bc2 {[%emt 0:00:06]} Bb7 {[%emt 0:00:12]} 10. d4 {[%emt 0:07:42]} e6 {[%emt 0:01:02]} 11. Re1 {[%emt 0:01:07]} Ngf6 {[%emt 0:02:09]} 12. Bg5 {[%emt 0:06:46]} h6 {[%emt 0:02:36]} 13. Bh4 {[%emt 0:00:29]} g5 {[%emt 0:00:23]} 14. Bg3 {[%emt 0:00:15]} g4 {[%emt 0:01:05]} 15. Nfd2 {[%emt 0:03:14]} h5 {[%emt 0:00:57]} 16. Bh4 {[%emt 0:01:10]} e5 {[%emt 0:01:03]} 17. d5 {[%emt 0:04:03]} Bh6 {[%emt 0:02:32]} 18. Nf1 {[%emt 0:02:12]} Nh7 {[%emt 0:06:18]} 19. Ng3 {[%emt 0:02:54]} Bg5 {[%emt 0:04:04]} 20. Bxg5 {[%emt 0:02:55]} Nxg5 {[%emt 0:00:03]} 21. Nf5 {[%emt 0:00:09]} f6 {[%emt 0:01:36]} 22. Nd2 {[%emt 0:04:13]} Bc8 {[%emt 0:00:12]} 23. f3 {[%emt 0:00:38]} gxf3 {[%emt 0:01:29]} 24. Nxf3 {[%emt 0:00:18]} b4 {[%emt 0:02:03]} 25. Ng7+ {[%emt 0:02:48]} Kf7 {[%emt 0:00:34]} 26. Nxg5+ {[%emt 0:00:26]} fxg5 {[%emt 0:01:00]} 27. Ne6 {[%emt 0:00:15]} Qb6+ {[%emt 0:00:29]} 28. Kh1 {[%emt 0:00:20]} Kg6 {[%emt 0:00:17]} 29. Qd2 {[%emt 0:01:28]} Rh7 {[%emt 0:15:01]} 30. Rf1 {[%emt 0:02:09]} 1-0

[Event "FIDE Open Sachove Univerzity QCC"]
[Site "Ceske Budejovice"]
[Date "2020.07.10"]
[Round "5.12"]
[White "Dudkova, Josefina"]
[Black "Berka, Lubos"]
[Result "0-1"]
[WhiteElo "1447"]
[BlackElo "1718"]
[Annotator "NA RC"]
[PlyCount "70"]
[EventDate "2020.07.01"]
[EventType "swiss"]
[EventCountry "CZE"]
[TimeControl "40/5400+30:1800+30"]

1. e4 {[%emt 0:00:00]} b6 {[%emt 0:00:00]} 2. d4 {[%emt 0:00:00]} Bb7 {[%emt 0:00:00]} 3. Bd3 {[%emt 0:00:10]} Nf6 {[%emt 0:00:00]} 4. Qe2 {[%emt 0:00:23]} e6 {[%emt 0:00:00]} 5. Nf3 {[%emt 0:00:57]} d5 {[%emt 0:02:05]} 6. e5 {[%emt 0:02:15]} Ne4 {[%emt 0:01:37]} 7. O-O {[%emt 0:01:54]} c5 {[%emt 0:00:45]} 8. c3 {[%emt 0:03:19]} cxd4 {[%emt 0:02:22]} 9. cxd4 {[%emt 0:01:30]} Be7 {[%emt 0:04:19]} 10. Nbd2 {[%emt 0:03:14]} Nxd2 {[%emt 0:00:19]} 11. Bxd2 {[%emt 0:00:09]} O-O {[%emt 0:01:43]} 12. Rac1 {[%emt 0:06:19]} Nc6 {[%emt 0:12:13]} 13. Be3 {[%emt 0:10:50]} Nb4 {[%emt 0:01:27]} 14. a3 {[%emt 0:06:42]} Nxd3 {[%emt 0:00:50]} 15. Qxd3 {[%emt 0:00:19]} a5 {[%emt 0:00:22]} 16. Qd2 {[%emt 0:01:40]} Ba6 {[%emt 0:02:25]} 17. Rfe1 {[%emt 0:01:29]} Rc8 {[%emt 0:09:15]} 18. Rxc8 {[%emt 0:01:58]} Qxc8 {[%emt 0:02:28]} 19. Rc1 {[%emt 0:01:17]} Qd7 {[%emt 0:00:44]} 20. h3 {[%emt 0:06:48]} Rc8 {[%emt 0:04:17]} 21. Rxc8+ {[%emt 0:05:51]} Qxc8 {[%emt 0:00:34]} 22. Qc1 {[%emt 0:01:01]} Qxc1+ {[%emt 0:01:00]} 23. Bxc1 {[%emt 0:00:23]} f6 {[%emt 0:05:27]} 24. Bd2 {[%emt 0:04:02]} Be2 {[%emt 0:04:27]} 25. exf6 {[%emt 0:04:42]} gxf6 {[%emt 0:00:44]} 26. Bf4 {[%emt 0:01:20]} Bd8 {[%emt 0:04:19]} 27. Nd2 {[%emt 0:03:51]} Kf7 {[%emt 0:02:27]} 28. f3 {[%emt 0:01:36]} Kg6 {[%emt 0:04:40]} 29. g4 {[%emt 0:02:49]} Bd1 {[%emt 0:12:33]} 30. Kf2 {[%emt 0:01:11]} b5 {[%emt 0:01:51]} 31. Ke3 {[%emt 0:02:50]} Bb6 {[%emt 0:00:32]} 32. Kd3 {[%emt 0:02:14]} a4 {[%emt 0:01:48]} 33. Ke3 {[%emt 0:03:25]} e5 {[%emt 0:00:18]} 34. Bg3 {[%emt 0:03:17]} Bxd4+ {[%emt 0:00:12]} 35. Kd3 {[%emt 0:00:27]} Bxb2 {[%emt 0:00:22]} 0-1

[Event "FIDE Open Sachove Univerzity QCC"]
[Site "Ceske Budejovice"]
[Date "2020.07.09"]
[Round "5.13"]
[White "Svejda, Karel"]
[Black "Macho, Miloslav"]
[Result "1-0"]
[WhiteElo "1387"]
[BlackElo "1671"]
[Annotator "NA"]
[PlyCount "95"]
[EventDate "2020.07.01"]
[EventType "swiss"]
[EventCountry "CZE"]
[TimeControl "40/5400+30:1800+30"]

1. e4 {[%emt 0:00:00]} Nf6 {[%emt 0:00:00]} 2. e5 {[%emt 0:00:00]} Nd5 {[%emt 0:00:00]} 3. d4 {[%emt 0:00:10]} d6 {[%emt 0:00:00]} 4. Nf3 {[%emt 0:00:40]} Nc6 {[%emt 0:00:51]} 5. h3 {[%emt 0:03:08]} g6 {[%emt 0:00:38]} 6. Bc4 {[%emt 0:01:36]} Nb6 {[%emt 0:00:19]} 7. Bb3 {[%emt 0:00:28]} dxe5 {[%emt 0:00:26]} 8. Nxe5 {[%emt 0:01:44]} Nxe5 {[%emt 0:00:08]} 9. dxe5 {[%emt 0:00:04]} Qxd1+ {[%emt 0:00:08]} 10. Kxd1 {[%emt 0:00:08]} Bg7 {[%emt 0:03:30]} 11. Bf4 {[%emt 0:01:56]} e6 {[%emt 0:00:24]} 12. Nc3 {[%emt 0:01:09]} Bd7 {[%emt 0:09:28]} 13. Ke2 {[%emt 0:03:25]} Bc6 {[%emt 0:00:15]} 14. f3 {[%emt 0:00:29]} Nd7 {[%emt 0:01:54]} 15. Rhe1 {[%emt 0:03:19]} Bxe5 {[%emt 0:00:44]} 16. Bxe5 {[%emt 0:00:39]} Nxe5 {[%emt 0:00:06]} 17. Kf2 {[%emt 0:00:30]} Nd7 {[%emt 0:00:31]} 18. Rad1 {[%emt 0:01:14]} O-O-O {[%emt 0:00:22]} 19. Kg3 {[%emt 0:02:27]} Nb6 {[%emt 0:00:38]} 20. Kf4 {[%emt 0:02:48]} Rxd1 {[%emt 0:00:49]} 21. Rxd1 {[%emt 0:00:25]} h6 {[%emt 0:03:00]} 22. h4 {[%emt 0:06:39]} Rd8 {[%emt 0:00:17]} 23. Rxd8+ {[%emt 0:00:47]} Kxd8 {[%emt 0:00:02]} 24. h5 {[%emt 0:01:22]} Nd5+ {[%emt 0:01:50]} 25. Nxd5 {[%emt 0:01:44]} exd5 {[%emt 0:01:22]} 26. Ke5 {[%emt 0:01:28]} gxh5 {[%emt 0:01:14]} 27. Bxd5 {[%emt 0:03:47]} Bxd5 {[%emt 0:00:08]} 28. Kxd5 {[%emt 0:00:16]} Ke7 {[%emt 0:00:17]} 29. Ke5 {[%emt 0:00:33]} c6 {[%emt 0:03:43]} 30. g3 {[%emt 0:01:10]} b6 {[%emt 0:00:32]} 31. c3 {[%emt 0:00:19]} a6 {[%emt 0:00:16]} 32. b3 {[%emt 0:00:25]} a5 {[%emt 0:00:23]} 33. a4 {[%emt 0:03:53]} f6+ {[%emt 0:09:40]} 34. Kf5 {[%emt 0:00:34]} Kf7 {[%emt 0:01:05]} 35. b4 {[%emt 0:12:09]} c5 {[%emt 0:05:20]} 36. bxc5 {[%emt 0:00:33]} bxc5 {[%emt 0:00:02]} 37. c4 {[%emt 0:00:27]} Ke7 {[%emt 0:00:19]} 38. Kg6 {[%emt 0:00:35]} Ke6 {[%emt 0:00:04]} 39. f4 {[%emt 0:00:25]} h4 {[%emt 0:12:45]} 40. gxh4 {[%emt 0:00:03]} h5 {[%emt 0:00:08]} 41. Kxh5 {[%emt 0:31:26]} Kf5 {[%emt 0:30:31]} 42. Kh6 {[%emt 0:00:28]} Kxf4 {[%emt 0:00:00]} 43. Kg6 {[%emt 0:00:46]} f5 {[%emt 0:00:00]} 44. h5 {[%emt 0:00:11]} Kg4 {[%emt 0:00:24]} 45. h6 {[%emt 0:00:26]} f4 {[%emt 0:00:06]} 46. h7 {[%emt 0:00:15]} f3 {[%emt 0:00:03]} 47. h8=Q {[%emt 0:00:17]} f2 {[%emt 0:00:36]} 48. Qh1 {[%emt 0:00:10]} 1-0

[Event "FIDE Open Sachove Univerzity QCC"]
[Site "Ceske Budejovice"]
[Date "2020.07.10"]
[Round "5.14"]
[White "Kroulik, Vaclav"]
[Black "Josko, Jiri"]
[Result "1/2-1/2"]
[WhiteElo "1442"]
[BlackElo "1649"]
[Annotator "NA RC"]
[PlyCount "38"]
[EventDate "2020.07.01"]
[EventType "swiss"]
[EventCountry "CZE"]
[TimeControl "40/5400+30:1800+30"]

1. e4 {[%emt 0:00:00]} d5 {[%emt 0:00:41]} 2. exd5 {[%emt 0:00:00]} Nf6 {[%emt 0:00:18]} 3. Bb5+ {[%emt 0:00:17]} Bd7 {[%emt 0:00:28]} 4. Be2 {[%emt 0:00:15]} Nxd5 {[%emt 0:00:20]} 5. d4 {[%emt 0:02:02]} g6 {[%emt 0:00:29]} 6. Nf3 {[%emt 0:00:23]} Bg7 {[%emt 0:00:12]} 7. O-O {[%emt 0:00:38]} O-O {[%emt 0:01:55]} 8. c4 {[%emt 0:03:54]} Nf6 {[%emt 0:03:41]} 9. Nc3 {[%emt 0:01:20]} c6 {[%emt 0:03:38]} 10. b4 {[%emt 0:09:53]} Bf5 {[%emt 0:06:18]} 11. Bd3 {[%emt 0:12:12]} Bg4 {[%emt 0:03:22]} 12. Be3 {[%emt 0:06:27]} Nbd7 {[%emt 0:02:26]} 13. Be2 {[%emt 0:07:56]} Re8 {[%emt 0:13:42]} 14. Qc2 {[%emt 0:05:47]} Qc7 {[%emt 0:17:54]} 15. Rad1 {[%emt 0:07:02]} Rac8 {[%emt 0:12:45]} 16. a4 {[%emt 0:04:11]} e5 {[%emt 0:02:08]} 17. dxe5 {[%emt 0:06:15]} Nxe5 {[%emt 0:03:55]} 18. Nxe5 {[%emt 0:07:03]} Bxe2 {[%emt 0:05:16]} 19. Nxe2 {[%emt 0:01:35]} Qxe5 {[%emt 0:00:54]} 1/2-1/2

[Event "FIDE Open Sachove Univerzity QCC"]
[Site "Ceske Budejovice"]
[Date "2020.07.09"]
[Round "5.15"]
[White "Veverka, Vladimir"]
[Black "Finek, Vaclav"]
[Result "0-1"]
[WhiteElo "1644"]
[BlackElo "2210"]
[Annotator "TA"]
[PlyCount "74"]
[EventDate "2020.07.01"]
[EventType "swiss"]
[EventCountry "CZE"]

{[%evp 14,74,35,6,68,35,95,93,93,89,94,77,81,85,68,69,67,67,87,80,82,73,80,46,76,0,-19,-12,0,0,0,-61,-47,-94,-91,-101,0,0,0,-114,-112,-147,-92,-106,0,-132,0,0,0,0,0,0,0,-250,-189,-160,-174,-1150,-1132,-1111,-1108,-29980,-29981]} 1. d4 Nf6 2. c4 g6 3. Nc3 d5 4. cxd5 Nxd5 5. Bd2 Bg7 6. e4 Nb6 7. Be3 O-O 8. h3 N8d7 {D85: Exchange Grünfeld: Unusual White 7th moves and lines with 7 Nf3.} (8... e5 $11 9. dxe5 Bxe5) 9. Nf3 Nf6 (9... e5 $14) 10. Be2 c6 {White is better.} 11. O-O Be6 {[#]} 12. Qd2 $146 ({Predecessor:} 12. b3 Qc7 13. Rc1 Rad8 14. Qd2 Rfe8 15. Rfd1 Qb8 16. Bf4 Qa8 17. Qe3 Nh5 18. Bh2 {1-0 (33) Chua,C (1763)-Ang,J (1608) Penang 2019}) 12... Bc4 13. Rac1 e6 14. Rfe1 Bxe2 15. Qxe2 h6 16. b3 Qe7 17. Qd2 Kh7 18. g4 Qb4 19. Bxh6 (19. Qc2 $16) 19... Bxh6 $11 20. g5 Bxg5 21. Qxg5 Kg7 22. e5 (22. h4 $11) 22... Nfd5 $15 23. Nxd5 Nxd5 24. Rc5 Rad8 ({Better is} 24... Rae8 $1 $17) 25. Re4 $11 Rh8 $1 26. Nh4 (26. Rf4 $11 Rdf8 27. Rxd5 cxd5 28. Qf6+ Kg8 29. Ng5) 26... Rd7 $1 $17 27. Rg4 Rh6 (27... Qe1+ $142 28. Kg2 Rh5 $1 {[%mdl 512]}) 28. Nf3 Rxh3 (28... Qa3 $1 $17 29. Rh4 Rxh4 30. Qxh4 Qxa2) 29. Kg2 {[#]} (29. Rh4 $1 $11 {was the only way to keep the balance.} Rxh4 30. Qxh4) 29... Rh6 (29... Rh5 $1 $17 {[%cal Rh5g5][%mdl 512]} 30. Qd2 (30. Qxh5 $2 Nf4+ 31. Rxf4 gxh5 $19) 30... Qxd2 31. Nxd2 Ne7) 30. Rh4 $1 $40 {[%mdl 128] White attacks.} Rxh4 31. Qxh4 Kf8 32. Qh8+ Ke7 33. Ng5 $2 (33. Rc4 $11 Qa5 34. Ra4) 33... Qxd4 {Hoping for ...Nf4+.} 34. Rc4 Qd2 35. Rg4 $2 (35. Ne4 Qf4 36. Nd6) 35... Ne3+ $19 36. Kg3 Nxg4 {[%mdl 64] Discovered Attack} 37. Kxg4 Rd4+ {Accuracy: White = 57%, Black = 67%.} 0-1